| 000 | 00850nam a2200241 a 4500 | ||
|---|---|---|---|
| 001 | BRCA_4275 | ||
| 005 | 20190320204618.0 | ||
| 008 | 230610s1958----nyua######---#000-0#eng-# | ||
| 041 | _aeng | ||
| 044 | _anyu | ||
| 050 | 4 |
_aND3363.B4 _b.B45 1958 |
|
| 245 | 1 | 0 |
_aThe Belles Heures of Jean _bDuke of Berry Prince of France _cwith an introduction by James J. Rorimer. |
| 260 |
_aNueva York _bMetropolitan Museum of Art _c1958 |
||
| 300 |
_a1 v. (sin paginación) _bil. a color, 32 láminas _c24 cm. |
||
| 500 | _aCEF69 | ||
| 600 | 1 | 4 |
_aBerry, Jean _cDuque de Francia _d1340-1416 _911011 |
| 650 | 1 | 4 |
_aIluminación de libros y manuscritos _xEspecímenes, reproducciones, etc. _97874 |
| 650 | 1 | 4 |
_aHoras, Libros de las _99312 |
| 650 | 1 | 4 |
_aGalerías y museos _zEstados Unidos _97437 |
| 700 | 1 |
_aRorimer, James J. _911012 |
|
| 902 | _aGFM | ||
| 942 |
_2lcc _cB |
||
| 999 |
_c3986 _d3986 |
||